Platy starostov ako odmena za ich starostlivosť
Plat starostu/primátora ako odplata za jeho starostlivosť i starosti. Deväť platových skupín podľa počtu obyvateľov obce alebo mesta. Starostovanie na menší úväzok. Právna obrana v otázke platu starostu. Odvolanie starostu. Základné právne pramene odmeňovania starostov.
Salvato in:
| Autore principale: | |
|---|---|
| Natura: | Capitolo di libro |
| Lingua: | slovacco |
| Soggetti: | |
| Tags: |
Nessun Tag, puoi essere il primo ad aggiungerne!!
|
MARC
| LEADER | 00000naa a2200000 4500 | ||
|---|---|---|---|
| 001 | 0145053 | ||
| 005 | 20241121124523.5 | ||
| 041 | 0 | |a slo | |
| 044 | |a SK | ||
| 245 | 1 | 0 | |a Platy starostov ako odmena za ich starostlivosť |c Janka Chorvátová |
| 520 | |a Plat starostu/primátora ako odplata za jeho starostlivosť i starosti. Deväť platových skupín podľa počtu obyvateľov obce alebo mesta. Starostovanie na menší úväzok. Právna obrana v otázke platu starostu. Odvolanie starostu. Základné právne pramene odmeňovania starostov. | ||
| 610 | 2 | 0 | |a starostovia |
| 610 | 2 | 0 | |a primátori |
| 610 | 2 | 0 | |a odmeňovanie |
| 610 | 2 | 0 | |a mzdy |
| 610 | 2 | 0 | |a legislatíva |
| 100 | 1 | |a Chorvátová, Janka | |